000 00333 a2200145 4500
001 169746
020 _a
040 _cMagnum
100 _a-
240 1 0 _aRevista de educacao aec/epistemologia e educacao
_lpor
245 1 0 _aRevista de educacao aec/epistemologia e educacao
362 0 _a1899
697 _aENSINO
942 _cBK
999 _c169746
_d169746